Design your action: social design in practise

Kaydedildi:
Detaylı Bibliyografya
Yazar: Miettinen, Satu (autora)
Materyal Türü: Kitap
Dil:İngilizce
Baskı/Yayın Bilgisi: Helsinki, Finlandia University of Art and Design Helsinki 2007
Seri Bilgileri:Publication, B 82
Konular:
Etiketler: Etiketle
Etiket eklenmemiş, İlk siz ekleyin!

MARC

LEADER 00000nam a2200000 a 4500
001 UCG5815
003 CL-VaPUC
005 20220110132208.0
008 110324e20070000FI |||||||||||||||||eng|d
999 |c 344177  |d 344175 
020 |a 9789515582348 
040 |c Pontificia Universidad Católica de Valparaíso 
082 0 4 |a 370.115 MIE 2007  |2 21 
100 |a Miettinen, Satu  |e autora  |9 555664 
245 1 0 |a Design your action: social design in practise 
260 0 3 |a Helsinki, Finlandia  |b University of Art and Design Helsinki  |c 2007 
300 |a 107 páginas 
490 0 |a Publication,   |v  B 82 
583 |a last modification  |c 20170920 04:31:44  |k Rodrigo Vera 
650 0 |a Acción cultural  |9 339039  |v Acción social  |x Derecho social  |z Finlandia 
942 |c BK  |2 ddc 
945 |d 20110324 00:00:00  |a dcastane 
952 |0 0  |1 0  |2 ddc  |4 0  |6 370_115000000000000_MIE_2007  |7 0  |8 A  |9 442004  |a BIBARQ  |b BIBARQ  |d 2019-11-22  |i 4758099  |l 1  |m 2  |o 370.115 MIE 2007  |p 4758099  |r 2025-01-20  |s 2023-10-26  |t 1  |w 2019-11-22  |y BK  |k ARQ